| 000 | 00639nam a2200181 a 4500 | ||
|---|---|---|---|
| 005 | 20140412111300.0 | ||
| 008 | 030415s19uu xx 00 eng d | ||
| 020 | _a0-06-445059-7 | ||
| 050 |
_aM 551.2'1 _bB73 1985 |
||
| 100 | _aBranley, Franklyn M. | ||
| 245 |
_aVolcanoes / _cby Frank M. Bradley ; illustrated by Marc Simont. |
||
| 260 |
_aNew York : _bHarperCollins Children's Book, _c1985. |
||
| 300 | _a32 p. ; ill. | ||
| 440 | _aLet's Read-and-Find-Out Science, Level 2 | ||
| 520 | _aExplains how volcanoes are formed and how they affect the earth when they erupt. | ||
| 650 | _aVolcanoes--Juvenile literature | ||
| 999 |
_c103351 _d103351 |
||